Bevölkerungsreichste Länder in 2050 - Statistiken

Allgemein
  • Dieses Quiz wurde 151 mal gespielt
  • Das Durchschnittsergebnis liegt bei 15 aus 21
Antwortstatistiken
Bevölkerung Land % Korrekt
1272 Mio China
100%
1678 Mio Indien
99%
383 Mio Vereinigte Staaten
97%
136 Mio Russland
96%
218 Mio Brasilien
95%
105 Mio Japan
87%
320 Mio Indonesien
85%
357 Mio Nigeria
81%
369 Mio Pakistan
79%
149 Mio Mexiko
78%
161 Mio Ägypten
76%
214 Mio Bangladesch
76%
102 Mio Iran
70%
91,3 Mio Türkei
70%
216 Mio Demokratische Republik Kongo
67%
223 Mio Äthiopien
59%
110 Mio Vietnam
57%
134 Mio Philippinen
52%
84,5 Mio Sudan
50%
128 Mio Tansania
47%
84,8 Mio Uganda
20%
Keine übereinstimmenden Quizze gefunden
Verteilung der Resultate
Anzahl Personen mit jedem Resultat
Perzentil nach korrekt beantworteten Fragen
Ihre Resultats-Entwicklung
Sie haben dieses Quiz noch nicht gespielt